000 00323 a2200109 4500
001 ART_6247
005 20260410161619.0
008 260409a
245 1 0 _aEl papel del administrador en las sociedades anónimas modernas
100 1 _aPiaggi, Ana I.
773 0 _tEnfoques
_g- Nº 9 (sep. 2008)
_wREV416
999 _c11359
_d11359